Statistiques concernant Call Of Duty !

Cliquez ici pour prendre le quiz!

Statistiques générales

  • Ce quiz a été pris 308 fois
  • Le résultat moyen est 8 sur 15

Statistiques - réponses

DateCOD ?% Correct
2012Black Ops 2
93%
2015Black Ops 3
90%
2010Black Ops
89%
2009Modern Warfare 2
81%
2011Modern Warfare 3
76%
2014Advanced Warfare
59%
2008World at War
53%
2016Infinite Warfare
52%
2017WWII
52%
2005Call of Duty 2
39%
2013Ghosts
39%
2006En marche vers Paris
18%
2007
Call of Duty 4 : Modern Warfare
15%
2012Black Ops Declassified
3%
2004Le Jour de gloire
3%

Distribution des résultats

Percentile par nombre de réponses

% des personnes avec chaque résultat

Votre développement - résultats

Vous n’avez pas pris ce quiz